The Red Fairy Book/ (Record no. 192223)

MARC details
000 -LEADER
fixed length control field 00619nam a22001817a 4500
005 - DATE AND TIME OF LATEST TRANSACTION
control field 20220919105445.0
010 ## - LCCN (DPL NO)
LC control number B-745518
020 ## - INTERNATIONAL STANDARD BOOK NUMBER
International Standard Book Number 978390697335
Terms of availability 250.00
035 ## - SYSTEM CONTROL NUMBER
System control number B-745518
037 ## - SOURCE OF ACQUISITION
Source of stock number/acquisition Pharos Books
100 ## - MAIN ENTRY--PERSONAL NAME
Personal name Lang, Andrew
245 ## - TITLE STATEMENT
Title The Red Fairy Book/
Statement of responsibility, etc Andrew Lang
260 ## - PUBLICATION, DISTRIBUTION, ETC. (IMPRINT)
Place of publication, distribution, etc East Delhi
Name of publisher, distributor, etc Pharos Books
Date of publication, distribution, etc 2021
270 ## - ADDRESS
Address Plot No. -55, Main Mother Dairy Road Pandav Nagar, East Delhi
City East Delhi
Postal code 110092
Telephone number 011-403958555
Electronic mail address sales@pharosbooks.in
300 ## - PHYSICAL DESCRIPTION
Extent 376p.
Dimensions 21cm(pbk)
942 ## - ADDED ENTRY ELEMENTS (KOHA)
Source of classification or shelving scheme Dewey Decimal Classification
Item type English Books
Call number suffix LAN
Classification part S
Holdings
Withdrawn status Lost status Not for loan Collection code Home library Current library Date acquired Source of acquisition Cost, normal purchase price Full call number Barcode Copy number Cost, replacement price Koha item type Public note
      Fiction Central Library Central Library 19/09/2022 5.9.22/Gift 250.00 S LAN B-745518 1 250.00 English Books Gift

© Delhi Public Library
Hit Counter
free hit counter